| 000 -LEADER |
| fixed length control field |
00924cam a2200217 a 4500 |
| 020 ## - INTERNATIONAL STANDARD BOOK NUMBER |
| ISBN |
0471553808 (cloth : acidfree paper) |
| 020 ## - INTERNATIONAL STANDARD BOOK NUMBER |
| ISBN |
9780471553809 (cloth : acidfree paper) |
| 020 ## - INTERNATIONAL STANDARD BOOK NUMBER |
| ISBN |
0471599891 (pbk.) |
| 020 ## - INTERNATIONAL STANDARD BOOK NUMBER |
| ISBN |
9780471599890 (pbk.) |
| 040 ## - CATALOGING SOURCE |
| Transcribing agency |
DLC |
| 082 ## - DEWEY DECIMAL CLASSIFICATION NUMBER |
| Classification number |
510 WIL 1993 A028 Or. |
| 100 1# - MAIN ENTRY--AUTHOR NAME |
| Personal name |
Kreyszig, Erwin |
| 245 10 - TITLE STATEMENT |
| Title |
Advanced engineering mathematics / |
| 250 ## - EDITION STATEMENT |
| Edition statement |
7th ed |
| 260 ## - PUBLICATION, DISTRIBUTION, ETC. (IMPRINT) |
| Place of publication |
New York : |
| Name of publisher |
Wiley, |
| Year of publication |
c1993 |
| 300 ## - PHYSICAL DESCRIPTION |
| Number of Pages |
1 volume (various pagings) : |
| Other physical details |
illustrations (some color) ; |
| Dimensions |
27 cm |
| 520 ## - SUMMARY, ETC. |
| Summary, etc |
Featuring modern coverage of numerical methods, graphs, optimization and probability, this revised textbook aims to provide engineering students with a clear perception of applied mathematics. Problem sets have been rewritten for this edition, and there is new information on linear algebra |
| 650 #0 - SUBJECT ADDED ENTRY--TOPICAL TERM |
| Topical Term |
Mathematical physics |
| 650 #0 - SUBJECT ADDED ENTRY--TOPICAL TERM |
| Topical Term |
Engineering mathematics |
| 942 ## - ADDED ENTRY ELEMENTS (KOHA) |
| Koha item type |
សៀវភៅភាសាអង់គ្លេស |
| 952 ## - LOCATION AND ITEM INFORMATION (KOHA) |
| Withdrawn status [LOCAL, KOHA] |
0 |